Zhodnotenie finančnej situácie vybraného podniku bakalárska práca

Uložené v:
Podrobná bibliografia
Hlavný autor: Demčáková, Petra
Korporativný autor: Podnikovohospodárska fakulta EU so sídlom v Košiciach. Katedra finančného riadenia podniku
Ďalší autori: Feranecová, Adela, 1986-
Médium: Kniha
Jazyk:Slovak
Vydavateľské údaje: Košice 2018
Tagy: Pridať tag
Žiadne tagy, Buďte prvý, kto otaguje tento záznam!

MARC

LEADER 00000nbm a2200000 4500
001 0245735
005 20181018110104.7
041 0 |a slo 
044 |a SK 
245 1 0 |a Zhodnotenie finančnej situácie vybraného podniku  |b bakalárska práca  |c Petra Demčáková ; školiteľ: Adela Feranecová 
264 1 |a Košice  |c 2018 
300 |a 60 s. 
100 1 |a Demčáková, Petra 
700 1 |a Feranecová, Adela, 1986- 
710 2 |a Podnikovohospodárska fakulta EU so sídlom v Košiciach. Katedra finančného riadenia podniku